Hỏi - đáp thiết kế và thi công kết cấu nhà cao tầng

Nội dung của sách bao gồm các khái niệm chung về thiết kế kết cấu nhà cao tầng, chọn và bố trí kết cấu; tải trọng và tác động của động đất; tính toán nội lực và chuyển vị, kết cấu khung, kết cấu khung - vách cứng, kết cấu vách cứ...

詳細記述

保存先:
書誌詳細
フォーマット: 図書
言語:Undetermined
出版事項: Hà Nội Xây Dựng 1996
主題:
タグ: タグ追加
タグなし, このレコードへの初めてのタグを付けませんか!
Thư viện lưu trữ: Trung tâm Học liệu Trường Đại học Cần Thơ
LEADER 01164nam a2200205Ia 4500
001 CTU_17114
008 210402s9999 xx 000 0 und d
020 |c 22000 
082 |a 690.1 
082 |b H428/T.2 
245 0 |a Hỏi - đáp thiết kế và thi công kết cấu nhà cao tầng 
245 0 |c Triệu Tây An ...[ et al.] 
260 |a Hà Nội 
260 |b Xây Dựng 
260 |c 1996 
520 |a Nội dung của sách bao gồm các khái niệm chung về thiết kế kết cấu nhà cao tầng, chọn và bố trí kết cấu; tải trọng và tác động của động đất; tính toán nội lực và chuyển vị, kết cấu khung, kết cấu khung - vách cứng, kết cấu vách cứng, kết cấu vách cứng trên khung, kết cấu dạng ống, kết cấu móng; quản lý và phương pháp thi công 
650 |a Buildings,Civil engineering,Structural analysis ( engineering ) 
650 |x Design and construction 
904 |i Minh 
980 |a Trung tâm Học liệu Trường Đại học Cần Thơ